00640 2200229 4500001002100000005001700021008004100038020002200079035002500101040001200126082001700138084001900155100002000174245008100194250001100275260003300286300002200319650002000341700001900361850001200380990001800392INLIS00000000001182520150904091534.0  a978-602-955-291-1 a0010-091500000000338 aYOPDYOG 223a899.2213 a899.2213 Gam T aGAMAL Komandoko aThe true history of Majapahit (1)c/ Gamal Komandoko; Editor, Elis Widayanti aCet. 4 aYogyakartabDiva Pressc2011 a434 hlmc; 20 cm. aFiksi Indonesia aELIS Widayanti aYOPDYOG a49945-PD/A.15